[Event "Titled Tuesday intern op 23rd Jan Late"]
[Site "Chess.com INT"]
[Date "2024.01.23"]
[Round "5"]
[White "Jazdanovs, Aleksandrs"]
[Black "Dwilewicz, Katarzyna"]
[Result "0-1"]
[WhiteElo "2046"]
[BlackElo "2129"]
[PlyCount "57"]
[EventDate "2024.01.23"]
[EventType "swiss (blitz)"]
[EventRounds "11"]
[EventCountry "USA"]
[SourceTitle "CBM 218 Extra"]
[Source "ChessBase"]
[SourceDate "2024.03.31"]
[SourceVersion "1"]
[SourceVersionDate "2024.03.31"]
[SourceQuality "1"]

1. e4 c5 2. Nf3 d6 3. d4 cxd4 4. Nxd4 Nf6 5. Nc3 a6 6. Be3 e6 7. g3 b5 8. Bg2 Bb7 9. a3 Nbd7 10. 0-0 Qc7 11. Re1 Be7 12. a4 b4 13. Na2 Nxe4 14. Nxb4 d5 15. Nd3 0-0 16. a5 Rac8 17. c3 Bd6 18. Qe2 Rfd8 19. Red1 h6 20. h4 Ndf6 21. Nb4 h5 22. Nxa6 Bxa6 23. Qxa6 Ng4 24. Nb5 Qb8 25. Bxe4 Bxg3 26. Qa7 Bxf2+ 27. Kf1 Qxb5+ 28. Bd3 Qxb2 29. Rd2 0-1

[Event "Titled Tuesday intern op 23rd Jan Late"]
[Site "Chess.com INT"]
[Date "2024.01.23"]
[Round "2"]
[White "Jazdanovs, Aleksandrs"]
[Black "Levitsky, Andrey"]
[Result "1/2-1/2"]
[WhiteElo "2046"]
[BlackElo "2286"]
[PlyCount "112"]
[EventDate "2024.01.23"]
[EventType "swiss (blitz)"]
[EventRounds "11"]
[EventCountry "USA"]
[SourceTitle "CBM 218 Extra"]
[Source "ChessBase"]
[SourceDate "2024.03.31"]
[SourceVersion "1"]
[SourceVersionDate "2024.03.31"]
[SourceQuality "1"]

1. e4 e6 2. d4 d5 3. Nc3 Bb4 4. exd5 exd5 5. Bd3 Nc6 6. Nf3 Nge7 7. 0-0 Bg4 8. Be3 Nf5 9. a3 Bxc3 10. bxc3 Nh4 11. Be2 Nxf3+ 12. Bxf3 Bxf3 13. Qxf3 0-0 14. Rab1 Na5 15. Qg4 b6 16. h4 Nc4 17. h5 Qc8 18. Qf3 Qe6 19. h6 Nxe3 20. hxg7 Rfe8 21. fxe3 Qxe3+ 22. Qxe3 Rxe3 23. Rf5 Rd8 24. Rb3 c6 25. Rf6 Rc8 26. Kf2 Re6 27. Rf3 Kxg7 28. a4 Rf6 29. a5 b5 30. Rb1 a6 31. Re1 c5 32. Re2 cxd4 33. cxd4 Rxf3+ 34. Kxf3 Rc4 35. Rd2 Rc3+ 36. Kf4 Ra3 37. Ke5 Rxa5 38. Kxd5 Ra3 39. Kc5 Rc3+ 40. Kb6 b4 41. d5 b3 42. cxb3 Rxb3+ 43. Kxa6 Kf8 44. d6 Ke8 45. Ka5 Kd7 46. Rf2 Kxd6 47. Rxf7 h5 48. Rh7 Ra3+ 49. Kb4 Rg3 50. Rxh5 Rxg2 51. Rh6+ Ke5 52. Rh4 Kf5 53. Rc4 Ke5 54. Rc5+ Kd4 55. Rc4+ Kd3 56. Rc3+ Kd2 1/2-1/2

[Event "Titled Tuesday intern op 16th Jan Early"]
[Site "Chess.com INT"]
[Date "2024.01.16"]
[Round "9"]
[White "Begunov, Konstantin"]
[Black "Jazdanovs, Aleksandrs"]
[Result "1-0"]
[WhiteElo "2325"]
[BlackElo "2046"]
[PlyCount "69"]
[EventDate "2024.01.16"]
[EventType "swiss (blitz)"]
[EventRounds "11"]
[EventCountry "USA"]
[SourceTitle "CBM 218 Extra"]
[Source "ChessBase"]
[SourceDate "2024.03.31"]
[SourceVersion "1"]
[SourceVersionDate "2024.03.31"]
[SourceQuality "1"]

1. d4 c6 2. c4 d6 3. Nc3 e6 4. e4 g6 5. Be3 Bg7 6. Qd2 h5 7. 0-0-0 Nf6 8. f3 Nbd7 9. Nh3 a6 10. e5 dxe5 11. dxe5 Nh7 12. f4 0-0 13. Ne4 Qe7 14. c5 f6 15. exf6 Nhxf6 16. Nhg5 Nxe4 17. Nxe4 Nf6 18. Nxf6+ Qxf6 19. Bc4 Kh7 20. Rhf1 e5 21. fxe5 Qxe5 22. Rxf8 Bxf8 23. Bd4 Qc7 24. Qf2 Bh6+ 25. Kb1 Bf5+ 26. Ka1 Rd8 27. g3 Bg7 28. Rd2 Qa5 29. a3 Qa4 30. Bxg7 Rxd2 31. Qxd2 Qxc4 32. Qh6+ Kg8 33. Qh8+ Kf7 34. Qf8+ Ke6 35. Qg8+ 1-0

[Event "Titled Tuesday intern op 16th Jan Early"]
[Site "Chess.com INT"]
[Date "2024.01.16"]
[Round "2"]
[White "Jazdanovs, Aleksandrs"]
[Black "Yaniuk, Volodymyr"]
[Result "0-1"]
[WhiteElo "2046"]
[BlackElo "2223"]
[PlyCount "222"]
[EventDate "2024.01.16"]
[EventType "swiss (blitz)"]
[EventRounds "11"]
[EventCountry "USA"]
[SourceTitle "CBM 218 Extra"]
[Source "ChessBase"]
[SourceDate "2024.03.31"]
[SourceVersion "1"]
[SourceVersionDate "2024.03.31"]
[SourceQuality "1"]

1. e4 e5 2. Nf3 Nc6 3. Bb5 Nf6 4. 0-0 Nxe4 5. d4 Nd6 6. dxe5 Nxb5 7. a4 Nbd4 8. Nxd4 Nxd4 9. Qxd4 Be7 10. Nc3 0-0 11. Nd5 Re8 12. Nxe7+ Qxe7 13. Bf4 b6 14. a5 Bb7 15. Rfd1 Bc6 16. b4 Qe6 17. Bg3 b5 18. c3 a6 19. Rd2 Qg6 20. Rad1 Re6 21. f3 Rae8 22. Qa7 h5 23. Qxc7 h4 24. Bxh4 Rxe5 25. Bg3 Re2 26. Rxe2 Rxe2 27. Qd8+ Kh7 28. Qh4+ Kg8 29. Qd8+ Kh7 30. Qh4+ Qh6 31. Qxh6+ Kxh6 32. Rd6+ f6 33. Bf2 Rc2 34. Bd4 Kg6 35. g4 Kf7 36. f4 Rg2+ 37. Kf1 Rxg4 38. Be3 Rh4 39. Rd2 Rh3 40. Bd4 Ke6 41. Re2+ Kf5 42. Re7 Rh7 43. Kg1 Kg6 44. Be3 Rh3 45. Bd4 Rf3 46. Be3 Kf5 47. Bd2 g6 48. Be3 Rh3 49. Bd2 Rh8 50. Re3 Be4 51. Rg3 Rc8 52. h3 Rc6 53. Kf2 Rd6 54. Ke1 Re6 55. Re3 Rd6 56. Rg3 Rc6 57. Kd1 Rc8 58. Ke1 Rh8 59. Kd1 d5 60. Ke1 Rh6 61. Kf2 Rh4 62. Ke1 Rh8 63. Kf2 Rc8 64. Ke1 Rc4 65. Kf2 d4 66. cxd4 Rxd4 67. Ke1 Rd5 68. Kd1 Rd7 69. Ke1 Bd3 70. Kf2 Bc4 71. Ke1 Re7+ 72. Kd1 Re4 73. Kc1 Re2 74. Kd1 Rh2 75. Re3 Rh1+ 76. Kc2 Rh2 77. Rc3 Bf1 78. Rc6 Rxh3 79. Rxa6 Bd3+ 80. Kb2 Bc4 81. Bc3 Rh2+ 82. Kc1 Ra2 83. Rxf6+ Ke4 84. a6 Kd3 85. Be5 Rxa6 86. Kb2 Ra2+ 87. Kb1 Rg2 88. f5 g5 89. Rg6 Ke4 90. Bd6 Kxf5 91. Rg8 g4 92. Bc5 Ke4 93. Kc1 Kf3 94. Kd1 Ra2 95. Ke1 g3 96. Rf8+ Kg2 97. Rg8 Re2+ 98. Kd1 Re6 99. Kd2 Kf3 100. Rf8+ Ke4 101. Rg8 Kf3 102. Rf8+ Kg2 103. Rg8 Rf6 104. Ke3 Rf3+ 105. Kd4 Kf1 106. Ke4 Kg2 107. Rh8 Rf7 108. Rg8 Kh2 109. Rh8+ Kg2 110. Rg8 Rd7 111. Be3 Bxg8 0-1

[Event "Titled Tuesday intern op 09th Jan Late"]
[Site "Chess.com INT"]
[Date "2024.01.09"]
[Round "6"]
[White "Espinoza Palomino, Willyam"]
[Black "Jazdanovs, Aleksandrs"]
[Result "1-0"]
[WhiteElo "2400"]
[BlackElo "2046"]
[PlyCount "35"]
[EventDate "2024.01.09"]
[EventType "swiss (blitz)"]
[EventRounds "11"]
[EventCountry "USA"]
[SourceTitle "EXT 2025"]
[Source "ChessBase"]
[SourceDate "2024.10.14"]
[SourceVersion "1"]
[SourceVersionDate "2024.10.14"]
[SourceQuality "1"]

1. e4 c5 2. Nf3 d6 3. d4 cxd4 4. Nxd4 Nf6 5. Nc3 a6 6. h3 e5 7. Nde2 h5 8. g3 Be7 9. Bg2 Nbd7 10. a4 0-0 11. 0-0 b6 12. Be3 Bb7 13. f4 exf4 14. Nxf4 Nc5 15. Nxh5 Re8 16. Bd4 Nxh5 17. Qxh5 g6 18. Qh8# 1-0

[Event "Titled Tuesday intern op 09th Jan Late"]
[Site "Chess.com INT"]
[Date "2024.01.09"]
[Round "4"]
[White "Jazdanovs, Aleksandrs"]
[Black "Aggelis, Nikolaos"]
[Result "1-0"]
[WhiteElo "2046"]
[BlackElo "2285"]
[PlyCount "101"]
[EventDate "2024.01.09"]
[EventType "swiss (blitz)"]
[EventRounds "11"]
[EventCountry "USA"]
[SourceTitle "EXT 2025"]
[Source "ChessBase"]
[SourceDate "2024.10.14"]
[SourceVersion "1"]
[SourceVersionDate "2024.10.14"]
[SourceQuality "1"]

1. e4 c6 2. Nf3 d5 3. d3 dxe4 4. dxe4 Qxd1+ 5. Kxd1 Bg4 6. Nbd2 f6 7. h3 Bxf3+ 8. Nxf3 e5 9. a4 Nd7 10. Be3 Bc5 11. Ke2 Bxe3 12. Kxe3 Ne7 13. Bc4 0-0-0 14. a5 Kc7 15. Rhd1 Ng6 16. g3 h5 17. h4 Ne7 18. b4 Nb8 19. Nd2 Rd4 20. c3 Rd7 21. Nb3 Rxd1 22. Rxd1 b6 23. Be6 g5 24. Rh1 Nd7 25. Bf7 g4 26. axb6+ axb6 27. Ra1 Kb7 28. Nd2 Rh7 29. Be6 Nf8 30. Bf5 Rh8 31. Nc4 Nfg6 32. Rd1 Nf8 33. Nd6+ Kc7 34. Ne8+ Kb7 35. Nxf6 Nxf5+ 36. exf5 Ka6 37. c4 c5 38. Ra1+ Kb7 39. bxc5 bxc5 40. Ke4 Kc6 41. Ra6+ Kb7 42. Ra5 Kb6 43. Ra8 Kc6 44. Nh7 Rxh7 45. Rxf8 Rd7 46. f6 Rd4+ 47. Kxe5 Rxc4 48. f7 Kd7 49. Rd8+ Kxd8 50. f8Q+ Kd7 51. Qf7+ 1-0

[Event "LAT-ch"]
[Site "Riga"]
[Date "2022.04.30"]
[Round "4"]
[White "Jazdanovs, Aleksandrs"]
[Black "Golubovskis, Maksims"]
[Result "0-1"]
[WhiteElo "2058"]
[BlackElo "2187"]
[PlyCount "36"]
[EventDate "2022.04.27"]
[EventType "swiss"]
[EventRounds "9"]
[EventCountry "LAT"]
[SourceTitle "CBM 208 Extra"]
[Source "ChessBase"]
[SourceDate "2022.07.31"]
[SourceVersion "1"]
[SourceVersionDate "2022.07.31"]
[SourceQuality "1"]

1. e4 c5 2. Nf3 Nf6 3. e5 Nd5 4. c4 Nc7 5. d4 cxd4 6. Nxd4 g6 7. g3 Bg7 8. Qe2 Nc6 9. Nxc6 dxc6 10. Nd2 h5 11. Bg2 Ne6 12. Nb3 a5 13. a4 Nd4 14. Nxd4 Qxd4 15. Bf4 Bg4 16. f3 Be6 17. Rc1 0-0-0 18. b3 Bf5 0-1

[Event "LAT-ch"]
[Site "Riga"]
[Date "2022.04.30"]
[Round "5"]
[White "Tronenkovs, Valdis"]
[Black "Jazdanovs, Aleksandrs"]
[Result "1-0"]
[WhiteElo "2265"]
[BlackElo "2058"]
[PlyCount "95"]
[EventDate "2022.04.27"]
[EventType "swiss"]
[EventRounds "9"]
[EventCountry "LAT"]
[SourceTitle "CBM 208 Extra"]
[Source "ChessBase"]
[SourceDate "2022.07.31"]
[SourceVersion "1"]
[SourceVersionDate "2022.07.31"]
[SourceQuality "1"]

1. e4 c5 2. Ne2 Nf6 3. Nbc3 d5 4. exd5 Nxd5 5. Nxd5 Qxd5 6. d4 e5 7. Nc3 Qxd4 8. Be3 Bg4 9. Bxd4 Bxd1 10. Bxe5 Bxc2 11. Rc1 Bf5 12. Nd5 Nc6 13. Nc7+ Kd8 14. Rd1+ Bd7 15. Bg3 Rc8 16. Nb5 a6 17. Nc3 Nd4 18. Bc4 Bg4 19. f3 Be6 20. Bxe6 fxe6 21. Be5 Ke8 22. Bxd4 cxd4 23. Rxd4 Bc5 24. Re4 Kf7 25. Ke2 Ba3 26. Rb1 b5 27. Nxb5 axb5 28. bxa3 Rc2+ 29. Kf1 Rxa2 30. Rxb5 Rc8 31. Re2 Rxa3 32. Rb7+ Kf6 33. Rb6 Ra1+ 34. Kf2 Re8 35. h4 Rh1 36. Re4 h6 37. Rf4+ Ke5 38. Rg4 Kf6 39. Rf4+ Ke5 40. Rf7 Rxh4 41. Rb5+ Kd6 42. Rxg7 Rc8 43. Kg3 Rh1 44. Rg6 Rc6 45. Rb4 Kd5 46. Rh4 Re1 47. Rh5+ Kd4 48. Rhxh6 1-0

[Event "Wch FIDE Online U18 Europe qual"]
[Site "Tornelo INT"]
[Date "2020.12.08"]
[Round "3"]
[White "Jazdanovs, Aleksandrs"]
[Black "Fowler, Hugo"]
[Result "0-1"]
[WhiteElo "2013"]
[BlackElo "1686"]
[PlyCount "84"]
[EventDate "2020.12.07"]
[EventType "swiss (rapid)"]
[EventRounds "7"]
[EventCountry "ISS"]
[SourceTitle "EXT 2022"]
[Source "ChessBase"]
[SourceDate "2021.10.06"]
[SourceVersion "1"]
[SourceVersionDate "2021.10.06"]
[SourceQuality "1"]

1. Nf3 Nf6 2. c4 g6 3. b4 Bg7 4. Bb2 0-0 5. e3 d6 6. Be2 c5 7. a3 Bf5 8. 0-0 Nbd7 9. d3 Rc8 10. h3 Nb6 11. e4 Bd7 12. b5 Nh5 13. Bxg7 Kxg7 14. a4 e5 15. a5 Na8 16. Nc3 Be6 17. Qd2 Nf4 18. Bd1 f5 19. Kh2 Qd7 20. Ng5 Bg8 21. g3 Ne6 22. Nxe6+ Bxe6 23. exf5 Bxf5 24. g4 Be6 25. f4 exf4 26. Rxf4 Rxf4 27. Qxf4 Rf8 28. Qe3 Nc7 29. b6 axb6 30. axb6 Na6 31. Bf3 Nb4 32. Re1 Re8 33. Nd5 Nc2 34. Qg5 Nxe1 35. Qf6+ Kg8 36. Be4 Qf7 37. Qg5 Kg7 38. Nf4 d5 39. cxd5 Bd7 40. Nh5+ Kh8 41. Nf6 Rf8 42. Nxd7 Qf2+ 0-1

[Event "Panevezys Kveinys Memorial op"]
[Site "Panevezys"]
[Date "2020.06.28"]
[Round "4"]
[White "Steponavicius, Stasys"]
[Black "Jazdanovs, Aleksandrs"]
[Result "0-1"]
[WhiteElo "2183"]
[BlackElo "2222"]
[PlyCount "71"]
[EventDate "2020.06.26"]
[EventType "swiss"]
[EventRounds "9"]
[EventCountry "LTU"]
[SourceTitle "CBM 197 Extra"]
[Source "ChessBase"]
[SourceDate "2020.09.30"]
[SourceVersion "1"]
[SourceVersionDate "2020.09.30"]
[SourceQuality "1"]

1. d4 Nf6 2. c4 e6 3. Nc3 Bb4 4. Nf3 0-0 5. g3 d5 6. Bg2 dxc4 7. Bg5 c5 8. dxc5 Nbd7 9. c6 bxc6 10. Nd4 Bb7 11. Bxc6 Qc7 12. Bxb7 Qxb7 13. 0-0 Rfd8 14. Qc1 Ne5 15. Nc2 Be7 16. Ne3 h6 17. Bxf6 Bxf6 18. Qc2 Nc6 19. Nxc4 Nd4 20. Qa4 Rac8 21. f3 Rxc4 22. Qxc4 Qxb2 23. Rae1 Nc2 24. Ne4 Bd4+ 25. Kh1 Ne3 26. Qa6 Nxf1 27. Rxf1 Bb6 28. g4 Rd5 29. a4 Kh7 30. Kg2 Qd4 31. Rc1 f5 32. gxf5 exf5 33. Ng3 Qe3 34. Qc4 Rc5 35. Qf7 Qxc1 36. Nh5 0-1

[Event "Panevezys Kveinys Memorial op"]
[Site "Panevezys"]
[Date "2020.06.27"]
[Round "2"]
[White "Butvilas, Aistis"]
[Black "Jazdanovs, Aleksandrs"]
[Result "0-1"]
[WhiteElo "2103"]
[BlackElo "2222"]
[PlyCount "74"]
[EventDate "2020.06.26"]
[EventType "swiss"]
[EventRounds "9"]
[EventCountry "LTU"]
[SourceTitle "CBM 197 Extra"]
[Source "ChessBase"]
[SourceDate "2020.09.30"]
[SourceVersion "1"]
[SourceVersionDate "2020.09.30"]
[SourceQuality "1"]

1. d4 Nf6 2. c4 c5 3. d5 b5 4. cxb5 a6 5. e3 axb5 6. Bxb5 Qa5+ 7. Nc3 Bb7 8. Bd2 Qb6 9. a4 Nxd5 10. Nf3 e6 11. 0-0 Be7 12. Ne5 Qc7 13. Nxd5 Bxd5 14. Bc3 Bf6 15. f4 0-0 16. Qc2 d6 17. e4 Bb7 18. Nf3 Bxc3 19. bxc3 Nd7 20. Rae1 Nf6 21. e5 Nd5 22. Ng5 g6 23. Ne4 dxe5 24. fxe5 c4 25. Nf6+ Nxf6 26. exf6 Qc5+ 27. Kh1 Qg5 28. Rf2 Rfd8 29. Bxc4 Qh4 30. Qe2 Rxa4 31. Bd3 Ra5 32. Kg1 Rh5 33. h3 Bxg2 34. Rxg2 Rxd3 35. Ra1 Rd8 36. Qf3 Rf5 37. Ra8 Qxf6 0-1